00334nam a2200133Ia 4500003000400000008004100004020002600045040000800071100002000079245004700099260002800146300001500174365001100189LDD181029s9999 xx 000 0 und d a9780415375498c795.00 cLDD aDahlerup, Drude 0aWomen, quotas and politicscDrude Dahlerup aLondonbRoutledgec2006 axii, 312p. b795.00